| 000 | 00361nam a2200133Ia 4500 | ||
|---|---|---|---|
| 008 | 240624s9999 xx 000 0 und d | ||
| 041 | _aeng | ||
| 082 | _a658 HBR | ||
| 100 | _aHARVARD BUSINESS REVIEW | ||
| 245 | _aHBR S 10 MUST READS ON MANAGING YOURSELF | ||
| 260 |
_c2010 _aBoston _bHarvard Business Press |
||
| 300 | _a185 : p. : cm. ; 20 | ||
| 365 |
_cRS _b27 |
||
| 999 |
_c16858 _d16858 |
||